书目信息 |
| 题名: |
聚氯乙烯工艺技术
|
|
| 作者: | 邴涓林 , 黄志明 主编 | |
| 分册: | ||
| 出版信息: | 北京 化学工业出版社 2008 |
|
| 页数: | 609页 | |
| 开本: | 26cm | |
| 丛书名: | ||
| 单 册: | ||
| 中图分类: | TQ325.3 | |
| 科图分类: | ||
| 主题词: | 聚氯乙烯--生产工艺 , 聚氯乙烯 | |
| 电子资源: | ||
| ISBN: | 978-7-122-01648-5 | |
| 000 | 00929nam0 2200253 45 | |
| 005 | 20100303145140.10 | |
| 010 | @a978-7-122-01648-5@dCNY98.00 | |
| 100 | @a20100121d2008 em y0chiy0110 ea | |
| 101 | 0 | @achi |
| 102 | @aCN@b110000 | |
| 105 | @aa z 000yy | |
| 106 | @ar | |
| 200 | 1 | @a聚氯乙烯工艺技术@AJu Lu^ Yi Xi Gong Yi Ji Shu@f邴涓林,黄志明主编@FBing Juan Lin, Huang Zhi Ming Zhu Bian |
| 210 | @a北京@c化学工业出版社@d2008 | |
| 215 | @a609页@c图@d26cm | |
| 304 | @a中国氯碱工业协会组织编写 | |
| 330 | @a本书阐述了各种氯乙烯单体生产方法、各种聚合技术(包括国内外先进技术)、聚氯乙烯专用树脂和聚氯乙烯质量分析和加工性能,最后专门介绍了聚氯乙烯建厂和安全环保方面的技术和经验。 | |
| 606 | 0 | @a聚氯乙烯@x生产工艺 |
| 606 | 0 | @a聚氯乙烯 |
| 690 | @aTQ325.3@v4 | |
| 701 | 0 | @a邴涓林@ABing Juan Lin@4主编 |
| 701 | 0 | @a黄志明@AHuang Zhi Ming@4主编 |
| 801 | 0 | @aCN@bTANGWEI@c20100303 |
| 905 | @b0584932-36@dTQ325.3@e24@f5 | |
| 聚氯乙烯工艺技术/邴涓林,黄志明主编.-北京:化学工业出版社,2008 |
| 609页:图;26cm |
| ISBN 978-7-122-01648-5:CNY98.00 |
| 本书阐述了各种氯乙烯单体生产方法、各种聚合技术(包括国内外先进技术)、聚氯乙烯专用树脂和聚氯乙烯质量分析和加工性能,最后专门介绍了聚氯乙烯建厂和安全环保方面的技术和经验。 |
| ● |
| 相关链接 |
|
|
|
|
正题名:聚氯乙烯工艺技术
索取号:TQ325.3/24
 
预约/预借
| 序号 | 登录号 | 条形码 | 馆藏地/架位号 | 状态 | 备注 |
| 1 | 0584932 | 205849322 | 第二样本阅览室/ [索取号:TQ325.3/24] | 在馆 | |
| 2 | 0584933 | 205849331 | 密集书库-化学系/ [索取号:TQ325.3/24] | 在馆 | |
| 3 | 0584934 | 205849340 | 第三借阅区/ [索取号:TQ325.3/24] | 在馆 | |
| 4 | 0584935 | 205849359 | 第三借阅区/ [索取号:TQ325.3/24] | 在馆 | |
| 5 | 0584936 | 205849368 | 第三借阅区/ [索取号:TQ325.3/24] | 在馆 |